Statistiken für Anschlussstellen der BAB 92

Klicken Sie hier um das Quiz zu spielen!

Allgemein

  • Dieses Quiz wurde 22 mal gespielt
  • Das Durchschnittsergebnis liegt bei 20 aus 30

Antwortstatistiken

Anschlussstelle% Korrekt
1AD München-Feldmoching
100%
29AK Deggendorf
82%
17AK Landshut
82%
30Deggendorf-Mitte
82%
8Freising-Mitte
82%
9Freising-Ost
82%
6Freising-Süd
82%
16Landshut / Essenbach
82%
15Landshut-Nord
82%
13Landshut-West
82%
20Dingolfing-Mitte
73%
21Dingolfing-Ost
73%
19Dingolfing-West
73%
10Erding
73%
5Eching-Ost
64%
7Flughafen München, Hallbergmoos
64%
12Moosburg-Nord
64%
11Moosburg-Süd
64%
27Plattling-Mitte
64%
28Plattling-Nord
64%
26Plattling-West
64%
4AK Neufahrn
55%
2Oberschleißheim
55%
3Unterschleißheim
55%
23Landau an der Isar
45%
22Pilsting / Großköllnbach
45%
18Wörth an der Isar
45%
14Altdorf
36%
25Wallersdorf-Nord
36%
24Wallersdorf-West
36%

Verteilung der Resultate

Perzentil nach korrekt beantworteten Fragen

Anzahl Personen mit jedem Resultat

Ihre Resultats-Entwicklung

Sie haben dieses Quiz noch nicht gespielt